00587pab a2200181 454500008004000000100002700040245007400067260000900141300001400150362002100164650002100185650001300206773004700219908000600266909001000272999001700282952010600299180718b2007 xxu||||| |||| 00| 0 eng d aPrasad, V. Vijay Durga aA decisive analysis of amenities of Indian railways to the passengers c2007 ap.164-77. aJul-Sep, Oct-Dec aRailways - India aRailways aJournal of Institute of Public Enterprises aN a80180 c80180d80180 00104070aIIPAbIIPAd2018-07-19hVolume no: 30, Issue no: 3-4pAR80640r2018-07-19w2018-07-19yAR